000 00275nam a22001217a 4500
041 _aENG
100 _aSingh.R
245 _aApplied Dairy And Food Microbiology
260 _aUdaipur
_bAgrotech Publishing
_c2005
300 _a424
650 _aAPE
856 _uAPE ( 02 )
999 _c1644
_d1644